| 000 | 00514nam a2200193Ia 4500 | ||
|---|---|---|---|
| 005 | 20250923144509.0 | ||
| 008 | 008 250917s9999 xx 000 0 eng d | ||
| 037 | _aTextual | ||
| 040 |
_aDSWL _beng _cDSWL |
||
| 041 |
_aeng _2eng |
||
| 084 | _qDSWL | ||
| 100 |
_aRay, P.Orman _9825482 |
||
| 245 | 0 |
_aEssentials of american govt _cby P.Orman Ray |
|
| 260 |
_aNew York _b Appleton Century Crafts _c1952 |
||
| 300 | _ax,774p. | ||
| 700 |
_aF.A. OGG _9825483 |
||
| 942 | _cTEXL | ||
| 999 |
_c1439658 _d1439658 |
||